Recife Subway Stations Quiz Stats

 Plays Quiz not verified by Sporcle

Score 0/34 Timer 05:00
0 Plays Today
Line Station % Correct
Centro & SulRecife
83.3%
Centro & SulJoana Bezerra
83.3%
CentroBarro
75%
Centro-1Camaragibe
75%
SulTancredo Neves
75%
CentroTejipió
66.7%
Centro-1Cosme e Damião
66.7%
Centro-2Jaboatão
66.7%
SulImbiribeira
66.7%
SulAeroporto
66.7%
VLT (light rail)Cabo
66.7%
CentroAfogados
58.3%
CentroIpiranga
58.3%
SulLargo da Paz
58.3%
SulShopping
58.3%
VLT (light rail)Pontezinha
58.3%
VLT (light rail)Ponte dos Carvalhos
58.3%
Line Station % Correct
CentroSanta Luzia
50%
CentroCoqueiral
50%
Centro-1Rodoviária
50%
Sul & VLTCajueiro Seco
50%
CentroMangueira
41.7%
Centro-1Curado
41.7%
CentroEdgar Werneck
41.7%
SulMonte Guararapes
33.3%
Centro-1Alto do Céu
25%
Centro-2Cavaleiro
25%
SulPrazeres
25%
Centro-2Floriano
16.7%
Centro-2Engenho Velho
16.7%
SulAntônio Falcão
16.7%
SulPorta Larga
16.7%
VLT (light rail)Ângelo de Souza
0%
VLT (light rail)Santo Inácio
0%

You're not logged in!

Compare scores with friends on all Sporcle quizzes.
OR
Log In

You Might Also Like...

Show Comments

Extras

Top Quizzes Today


Score Distribution

Your Account Isn't Verified!

In order to create a playlist on Sporcle, you need to verify the email address you used during registration. Go to your Sporcle Settings to finish the process.

Report this User

Report this user for behavior that violates our Community Guidelines.

Details: